00000000nam##2200000za#4500
0019.573381
003CaOODSP
00520240911075931
007cr |||||||||||
008150406|1993||||xxc|||||o    f|0| 0 eng|d
040 |aCaOODSP|beng
043 |an-cn---
0861 |aH113-8/1993-5E-PDF
1101 |aCanada. |bPest Management Regulatory Agency.
24510|aResearch permit guidelines for microbial pest control agents |h[electronic resource]
260 |aOttawa - Ontario : |bHealth Canada. |cNovember 25 1993.
300 |a35p.|bfigs., tables
4901 |aRegulatory proposal |vPro93-05
590 |a12-13-Supp|b2012-04-03
77508|tLignes directrices pour les permis de recherche sur les antiparasitaires microbiens |w(CaOODSP)9.603550
830#0|aRegulatory proposal (Canada. Pest Management Regulatory Agency)|vPro93-05|w(CaOODSP)9.504463
85640|ahttp://publications.gc.ca|qPDF|s116 KB|uhttps://publications.gc.ca/collections/collection_2012/sc-hc/H113-8-1993-5-eng.pdf|yPro93-05